[Event "17th Asian Continental-ch Women 2018"]
[Site "Makati City"]
[Date "2018.12.16"]
[Round "7.8"]
[White "Fronda, Jan Jodilyn"]
[Black "Nguyen, Thi Thanh An"]
[Result "0-1"]
[WhiteElo "2139"]
[BlackElo "2262"]
[PlyCount "160"]
[EventDate "2018.12.07"]
[EventType "swiss"]
[EventCountry "PHI"]
[TimeControl "40/5400+30:1800+30"]

1. e4 c5 2. Nf3 Nc6 3. Bb5 d6 4. O-O Bd7 5. c3 Nf6 6. Re1 a6 7. Bxc6 Bxc6 8. e5 dxe5 9. Nxe5 Qd5 10. Nxc6 Qxc6 11. d4 Rd8 12. Be3 e6 13. Nd2 cxd4 14. cxd4 Be7 15. Rc1 Qd7 16. Nc4 O-O 17. Qb3 Qd5 18. Rc2 h6 19. h3 Rc8 20. Rec1 Rfd8 21. Nd2 Rxc2 22. Rxc2 Qxb3 23. Nxb3 Nd5 24. Na5 Rb8 25. Kf1 Bd6 26. Nc4 Rc8 27. Na3 Rd8 28. Nc4 Nb4 29. Rc3 Nxa2 30. Rb3 b5 31. Nxd6 Rxd6 32. Ke2 b4 33. Rd3 a5 34. Rd1 a4 35. d5 exd5 36. Rd4 Rc6 37. Kd3 a3 38. bxa3 b3 39. Ra4 Rc3+ 40. Kd2 Rc2+ 41. Kd3 Rc3+ 42. Kd2 b2 43. Ra8+ Kh7 44. Rb8 Rxa3 45. Rxb2 Nc3 46. f3 Nd1 47. Kxd1 Rxe3 48. Rd2 Re5 49. f4 Re4 50. Rxd5 Rxf4 51. Ke2 Kg6 52. g4 f6 53. Ra5 Kh7 54. Rb5 g5 55. Rb3 Kg6 56. Rf3 Rxf3 57. Kxf3 h5 58. Ke3 f5 59. gxf5+ Kxf5 60. Kf3 Ke5 61. Ke3 Kd5 62. Kd3 Kd6 63. Kd4 Ke6 64. Ke4 Kf6 65. Kf3 Kf5 66. Kg3 Ke4 67. Kg2 Ke3 68. Kg3 Ke2 69. h4 g4 70. Kg2 Ke3 71. Kg3 Ke4 72. Kf2 Kd3 73. Kf1 Ke3 74. Kg2 Ke2 75. Kg3 Kf1 76. Kf4 Kf2 77. Kg5 g3 78. Kxh5 g2 79. Kh6 g1=Q 80. h5 Qg4 0-1

[Event "17th Asian Continental-ch Women 2018"]
[Site "Makati City"]
[Date "2018.12.16"]
[Round "7.9"]
[White "Citra, Dewi Ardhiani Anast"]
[Black "Ning, Kaiyu"]
[Result "0-1"]
[WhiteElo "2215"]
[BlackElo "2247"]
[PlyCount "146"]
[EventDate "2018.12.07"]
[EventType "swiss"]
[EventCountry "PHI"]
[TimeControl "40/5400+30:1800+30"]

1. b3 d5 2. Bb2 Bf5 3. e3 e6 4. Ne2 Nf6 5. Ng3 Bg6 6. d3 Bd6 7. f4 Nc6 8. Qf3 h5 9. h4 Bf5 10. Nd2 Bg4 11. Qf2 e5 12. fxe5 Bxe5 13. d4 Bd6 14. Bb5 O-O 15. Bxc6 bxc6 16. O-O Bd7 17. Nf5 Ng4 18. Qe1 Bxf5 19. Rxf5 Re8 20. Rf3 c5 21. dxc5 Bxc5 22. Nf1 Qd6 23. Qc3 f6 24. Bc1 Re4 25. Ng3 Rae8 26. Nxe4 dxe4 27. Qc4+ Kh8 28. Rh3 Qd1+ 29. Qf1 Qxc2 30. b4 Bxb4 31. Bb2 Qxb2 32. Rb1 Qc3 33. Qb5 Rd8 34. Qxh5+ Nh6 35. Qg6 Bd6 36. Qxe4 Be5 37. Rf3 Qd3 38. Qxd3 Rxd3 39. e4 Rd2 40. Ra3 Ng4 41. Kf1 Bd4 42. Rb8+ Kh7 43. Rd8 Rf2+ 44. Ke1 Bb6 45. Rg3 Rf4 46. Kd2 Rxe4 47. Rd7 Ra4 48. Kc2 f5 49. Kb3 Ra5 50. Re7 Bc5 51. Rxc7 Ra3+ 52. Kc4 Rxg3 53. Rxc5 Rxg2 54. Kb5 f4 55. Rf5 Rf2 56. a4 f3 57. Ka6 Ra2 58. Rxf3 Rxa4+ 59. Kb5 Ra2 60. h5 Kh6 61. Rf7 Nf6 62. Kc6 Nxh5 63. Kd6 a5 64. Ke7 a4 65. Kf8 a3 66. Kg8 Nf6+ 67. Kh8 Nh5 68. Kg8 Rb2 69. Ra7 a2 70. Ra6+ Nf6+ 71. Kf7 Rb7+ 72. Kf8 Kg6 73. Rxa2 Rf7# 0-1

[Event "17th Asian Continental-ch Women 2018"]
[Site "Makati City"]
[Date "2018.12.16"]
[Round "7.10"]
[White "Nandhidhaa, P V"]
[Black "Mendoza, Shania Mae"]
[Result "1/2-1/2"]
[WhiteElo "2267"]
[BlackElo "2165"]
[PlyCount "102"]
[EventDate "2018.12.07"]
[EventType "swiss"]
[EventCountry "PHI"]
[TimeControl "40/5400+30:1800+30"]

1. Nf3 d5 2. g3 Bg4 3. Bg2 Nd7 4. O-O e5 5. c4 d4 6. h3 Bxf3 7. Bxf3 c6 8. d3 Ngf6 9. e3 Be7 10. exd4 exd4 11. Re1 O-O 12. Nd2 a5 13. Bg2 Nc5 14. Nf3 Re8 15. b3 Bf8 16. Rxe8 Nxe8 17. Bb2 Ne6 18. a3 N8c7 19. h4 f5 20. Qe2 Qf6 21. Re1 Bd6 22. Bh3 Re8 23. Qd2 b6 24. Ng5 h6 25. Nxe6 Rxe6 26. Rxe6 Nxe6 27. Qe2 c5 28. Bc1 Nf8 29. Bg2 Kh7 30. Bd5 Qe5 31. Qf3 Nd7 32. Bc6 Nf6 33. Kg2 Qe6 34. Bb7 Bc7 35. Bd2 Bb8 36. Qd1 Bd6 37. Qf3 Bb8 38. Bc6 Bd6 39. h5 Bc7 40. Bb7 Bb8 41. b4 axb4 42. axb4 Bc7 43. bxc5 bxc5 44. Qd1 Qf7 45. Bf3 Qe8 46. Qb3 Ng4 47. Qb7 Bb8 48. Qd5 Qxh5 49. Bxg4 Qxg4 50. Qxc5 Bxg3 51. fxg3 Qe2+ 1/2-1/2

[Event "17th Asian Continental-ch Women 2018"]
[Site "Makati City"]
[Date "2018.12.16"]
[Round "7.11"]
[White "Frayna, Janelle Mae"]
[Black "Doroy Allaney Jia G"]
[Result "1-0"]
[WhiteElo "2228"]
[BlackElo "1972"]
[PlyCount "71"]
[EventDate "2018.12.07"]
[EventType "swiss"]
[EventCountry "PHI"]
[TimeControl "40/5400+30:1800+30"]

1. d4 Nf6 2. c4 g6 3. Nf3 Bg7 4. g3 O-O 5. Bg2 d6 6. O-O c5 7. d5 e6 8. Nc3 exd5 9. cxd5 Na6 10. Re1 Nc7 11. a4 b6 12. Bf4 Nh5 13. Bg5 f6 14. Bc1 f5 15. e4 fxe4 16. Ng5 Bb7 17. Ngxe4 Qd7 18. Be3 a6 19. Ng5 Be5 20. f4 Bf6 21. Bh3 Qd8 22. Qb3 h6 23. Ne6 Nxe6 24. Bxe6+ Kh7 25. f5 g5 26. Ne4 Be5 27. Bf2 Rb8 28. Rad1 Nf6 29. Nd2 Ng4 30. Nc4 Nxf2 31. Nxe5 Nxd1 32. Nd7 Nxb2 33. Qxb2 Qc7 34. f6 c4 35. Qc2+ Kh8 36. Qg6 1-0

[Event "17th Asian Continental-ch Women 2018"]
[Site "Makati City"]
[Date "2018.12.16"]
[Round "7.12"]
[White "Makhija, Aashna"]
[Black "Karenza, Dita"]
[Result "0-1"]
[WhiteElo "2181"]
[BlackElo "1944"]
[PlyCount "122"]
[EventDate "2018.12.07"]
[EventType "swiss"]
[EventCountry "PHI"]
[TimeControl "40/5400+30:1800+30"]

1. e4 c5 2. c3 g6 3. d4 cxd4 4. cxd4 d5 5. e5 Nc6 6. Bb5 Bg7 7. Nc3 Nh6 8. h3 O-O 9. Nf3 f6 10. exf6 exf6 11. O-O g5 12. Qb3 Be6 13. Bxc6 bxc6 14. Na4 Re8 15. Bd2 Nf7 16. Rac1 Rc8 17. Nc5 Bf5 18. Qa4 Qb6 19. Rc3 Nd6 20. Rfc1 h5 21. Rb3 Qc7 22. Qa6 Bf8 23. Nb7 Nc4 24. Na5 Nxd2 25. Nxd2 Qf4 26. Rf3 Qxd2 27. Nb3 Re1+ 28. Kh2 Bd6+ 29. g3 Qe2 30. Qxe2 Rxe2 31. Rxf5 Kf7 32. Kg1 Ke6 33. Rf3 Rxb2 34. Rfc3 Rxa2 35. Rxc6 Rxc6 36. Rxc6 Kd7 37. Rc3 a5 38. Nc5+ Bxc5 39. Rxc5 Kd6 40. Rc8 a4 41. Ra8 Kc6 42. Rc8+ Kb5 43. Rc5+ Kb4 44. Rxd5 Rd2 45. Rd6 a3 46. Rb6+ Kc3 47. Ra6 a2 48. Kg2 Kb2 49. Rb6+ Kc1 50. Ra6 Kb1 51. Rb6+ Rb2 52. Ra6 a1=Q 53. Rxa1+ Kxa1 54. Kf3 f5 55. h4 Rb3+ 56. Ke2 gxh4 57. gxh4 Rh3 58. d5 Rxh4 59. Ke3 Re4+ 60. Kd3 h4 61. d6 Re6 0-1

[Event "17th Asian Continental-ch Women 2018"]
[Site "Makati City"]
[Date "2018.12.16"]
[Round "7.13"]
[White "Alinasab, Mobina"]
[Black "Zhang, Xiao"]
[Result "0-1"]
[WhiteElo "2295"]
[BlackElo "2017"]
[PlyCount "114"]
[EventDate "2018.12.07"]
[EventType "swiss"]
[EventCountry "PHI"]
[TimeControl "40/5400+30:1800+30"]

1. e4 c6 2. Nc3 d5 3. Nf3 Nf6 4. e5 Ne4 5. Ne2 Qb6 6. d4 e6 7. Ng3 c5 8. Bd3 Nxg3 9. fxg3 h6 10. O-O c4 11. Be2 Nc6 12. c3 Bd7 13. Kh1 O-O-O 14. b3 cxb3 15. axb3 Be7 16. Bd2 g5 17. Ne1 Rdf8 18. Nd3 Kb8 19. Bh5 f6 20. exf6 Bxf6 21. Nc5 Bc8 22. Bg4 Nd8 23. Bc1 Bg7 24. Rxf8 Rxf8 25. Ba3 Qc6 26. Nd3 Rh8 27. Ne5 Qc7 28. Qe2 Nc6 29. Ng6 Rg8 30. Bh5 e5 31. dxe5 Nxe5 32. Ne7 Rd8 33. Nxc8 Qxc8 34. Qe3 b6 35. Be2 Nc6 36. Ba6 Qc7 37. Rf1 Qe5 38. Qf3 Rd7 39. Qg4 Kc7 40. Bb2 Qe4 41. Qf3 Qc2 42. Qe2 Qxb3 43. Bc1 Qa4 44. Bb5 Qe4 45. Qa2 a5 46. Ba3 Be5 47. Qb3 Qg6 48. Rb1 Rd8 49. h3 g4 50. h4 Bxg3 51. c4 Bxh4 52. cxd5 Bf2 53. g3 Qe4+ 54. Kh2 Rxd5 55. Be7 Nxe7 56. Be8 Qd3 57. Rc1+ Bc5 0-1

[Event "17th Asian Continental-ch Women 2018"]
[Site "Makati City"]
[Date "2018.12.16"]
[Round "7.14"]
[White "San Diego, Jerlyn Mae"]
[Black "Secopito, Catherine"]
[Result "0-1"]
[WhiteElo "1932"]
[BlackElo "2145"]
[PlyCount "124"]
[EventDate "2018.12.07"]
[EventType "swiss"]
[EventCountry "PHI"]
[TimeControl "40/5400+30:1800+30"]

1. e4 e6 2. d4 b6 3. Nc3 Bb7 4. f4 Bb4 5. Bd3 f5 6. Qe2 Qh4+ 7. g3 Qe7 8. Nf3 c5 9. O-O Bxc3 10. bxc3 fxe4 11. Bxe4 d5 12. Bd3 c4 13. Bxc4 dxc4 14. Qxc4 Ba6 15. Qa4+ Qd7 16. Qxd7+ Nxd7 17. Re1 O-O-O 18. Ng5 Nh6 19. Nxe6 Rde8 20. Bb2 Rhg8 21. Ng5 Nf6 22. h3 Nf5 23. Kf2 h6 24. Nf7 Ne4+ 25. Kg2 Nexg3 26. Nd6+ Nxd6 27. Kxg3 Nc4 28. Rxe8+ Rxe8 29. Rb1 Re2 30. a4 Bb7 31. h4 Rxc2 32. Bc1 Rg2+ 33. Kh3 Nd6 34. Rb2 Rxb2 35. Bxb2 h5 36. Bc1 a5 37. Be3 Nc4 38. Bc1 Bc6 39. f5 Bd7 40. Kg3 Bxf5 41. Kf4 g6 42. d5 Kd7 43. Kf3 Kd6 44. Ke2 Bc2 45. Bf4+ Kxd5 46. Bg5 Bxa4 47. Kd3 Bb3 48. Bf4 a4 49. Bc1 a3 50. Bxa3 Nxa3 51. c4+ Bxc4+ 52. Kc3 b5 53. Kb2 b4 54. Ka1 Kd4 55. Kb2 b3 56. Ka1 Nc2+ 57. Kb2 Nb4 58. Ka3 Kc3 59. Ka4 b2 60. Ka5 b1=Q 61. Kb6 Nd5+ 62. Kc6 Qb6+ 0-1

[Event "17th Asian Continental-ch Women 2018"]
[Site "Makati City"]
[Date "2018.12.16"]
[Round "7.15"]
[White "Bach, Ngoc Thuy Duong"]
[Black "Bernales, Christy Lamiel"]
[Result "0-1"]
[WhiteElo "2131"]
[BlackElo "1996"]
[PlyCount "50"]
[EventDate "2018.12.07"]
[EventType "swiss"]
[EventCountry "PHI"]
[TimeControl "40/5400+30:1800+30"]

1. d4 Nf6 2. c4 g6 3. Nc3 Bg7 4. e4 d6 5. Nf3 O-O 6. Be2 Nc6 7. O-O e5 8. d5 Ne7 9. b4 Nh5 10. g3 f5 11. Ng5 Nf6 12. f3 b6 13. Be3 Nh5 14. Bf2 a5 15. a3 axb4 16. axb4 Rxa1 17. Qxa1 Nxd5 18. Nxd5 Qxg5 19. Nxc7 fxe4 20. fxe4 Nf4 21. Qa2 Nh3+ 22. Kg2 Nxf2 23. Rxf2 Bh3+ 24. Kg1 Qc1+ 25. Bf1 Qxf1+ 0-1

[Event "17th Asian Continental-ch Women 2018"]
[Site "Makati City"]
[Date "2018.12.16"]
[Round "7.16"]
[White "San Diego, Marie Antoinette"]
[Black "Doan, Thi Van Anh"]
[Result "0-1"]
[WhiteElo "2111"]
[BlackElo "1950"]
[PlyCount "110"]
[EventDate "2018.12.07"]
[EventType "swiss"]
[EventCountry "PHI"]
[TimeControl "40/5400+30:1800+30"]

1. d4 d5 2. c4 dxc4 3. Nf3 c6 4. e3 b5 5. a4 e6 6. b3 b4 7. Bxc4 a5 8. O-O Nf6 9. Bb2 Be7 10. Nbd2 O-O 11. Qc2 Qb6 12. Bd3 h6 13. Rac1 Bb7 14. Ne5 Nfd7 15. Ne4 Nxe5 16. dxe5 c5 17. Nxc5 Rc8 18. Bd4 Bxc5 19. Bxc5 Qc6 20. f3 Nd7 21. Bd4 Nxe5 22. Bxe5 Qd5 23. Bh7+ Kh8 24. Qe4 Rxc1 25. Rxc1 Qd2 26. Qxb7 Qxe3+ 27. Kf1 Qxc1+ 28. Ke2 Rd8 29. Bd3 Qg5 30. f4 Qh5+ 31. Qf3 Qxh2 32. Qg4 Rg8 33. Kf2 Qh1 34. Ke2 Qh2 35. Kf2 Qh1 36. Bb2 Qh2 37. f5 Qd6 38. Qh4 exf5 39. Qh3 Rd8 40. Kg1 Qf4 41. Bf1 Rd1 42. Qf3 Qxf3 43. gxf3 Rb1 44. Bd4 Rxb3 45. Kf2 Ra3 46. Bb5 b3 47. Kg3 Ra2 48. Be5 Rd2 49. Bc3 b2 50. Bxd2 b1=Q 51. Bxa5 g5 52. Bb6 Kg7 53. Kf2 h5 54. Bd4+ Kg6 55. Be2 Qb4 0-1

[Event "17th Asian Continental-ch Women 2018"]
[Site "Makati City"]
[Date "2018.12.16"]
[Round "7.17"]
[White "Anisa, Aay Aisyah"]
[Black "Nithyalakshmi, Sivanesan"]
[Result "1-0"]
[WhiteElo "1985"]
[BlackElo "1942"]
[PlyCount "69"]
[EventDate "2018.12.07"]
[EventType "swiss"]
[EventCountry "PHI"]
[TimeControl "40/5400+30:1800+30"]

1. e4 d6 2. d4 g6 3. h4 Nf6 4. Nc3 Bg7 5. Be2 h5 6. Nf3 a6 7. Ng5 b5 8. Qd3 Nbd7 9. a4 bxa4 10. e5 dxe5 11. dxe5 Nxe5 12. Qxd8+ Kxd8 13. f4 Nfd7 14. fxe5 Nxe5 15. Bf4 Ke8 16. Rxa4 Bb7 17. O-O Rf8 18. Bxe5 Bxe5 19. Bd3 f5 20. Re1 Bd6 21. Rea1 Bc5+ 22. Kf1 Rf6 23. Bb5+ Kd8 24. Bc4 Kd7 25. Rd1+ Rd6 26. Be6+ Kc6 27. Rxd6+ cxd6 28. Bf7 e5 29. b4 Bd4 30. Nd5 Rd8 31. c4 Kd7 32. Bxg6 f4 33. Bxh5 Rh8 34. Bg4+ Kc6 35. h5 1-0

[Event "17th Asian Continental-ch Women 2018"]
[Site "Makati City"]
[Date "2018.12.16"]
[Round "7.18"]
[White "Mordido, Kylen Joy"]
[Black "Galas, Bernadette"]
[Result "1/2-1/2"]
[WhiteElo "2045"]
[BlackElo "2100"]
[PlyCount "80"]
[EventDate "2018.12.07"]
[EventType "swiss"]
[EventCountry "PHI"]
[TimeControl "40/5400+30:1800+30"]

1. c4 e6 2. d4 d5 3. cxd5 exd5 4. Nf3 Nf6 5. Nc3 c6 6. Bf4 Bd6 7. Bg3 O-O 8. e3 Ne4 9. Nxe4 dxe4 10. Bxd6 Qxd6 11. Nd2 Qe7 12. Bc4 Nd7 13. O-O Nf6 14. f3 exf3 15. Qxf3 Qb4 16. Qe2 b5 17. Bb3 Re8 18. Qd3 Be6 19. Bc2 Bc4 20. Nxc4 bxc4 21. Qe2 c5 22. d5 c3 23. b3 Qd4 24. exd4 Rxe2 25. Bd1 Rd2 26. dxc5 Rc8 27. b4 Nxd5 28. Bb3 Nxb4 29. Rxf7 Kh8 30. Rc1 c2 31. a3 Nd3 32. Rxc2 Rd1+ 33. Rf1 Rxf1+ 34. Kxf1 Nxc5 35. Bd5 g5 36. h3 Kg7 37. Ke2 Kf6 38. Ke3 Ke5 39. Bf3 Rc7 40. Rc4 h6 1/2-1/2

[Event "17th Asian Continental-ch Women 2018"]
[Site "Makati City"]
[Date "2018.12.16"]
[Round "7.19"]
[White "Mejia, Cherry Ann"]
[Black "Wang, Ying"]
[Result "1-0"]
[WhiteElo "1980"]
[BlackElo "1324"]
[PlyCount "95"]
[EventDate "2018.12.07"]
[EventType "swiss"]
[EventCountry "PHI"]
[TimeControl "40/5400+30:1800+30"]

1. e4 c5 2. Nc3 e6 3. f4 d5 4. Nf3 Nc6 5. Bb5 a6 6. Bxc6+ bxc6 7. O-O g6 8. d3 Bg7 9. e5 Ne7 10. b3 a5 11. Ba3 Nf5 12. Bxc5 d4 13. Ne4 Qd5 14. Qe2 Ba6 15. Qf2 O-O-O 16. a4 Bf8 17. Bb6 c5 18. Bxd8 Kxd8 19. Qd2 Qc6 20. Qxa5+ Ke7 21. Qxc5+ Qxc5 22. Nxc5 Bc8 23. a5 Ne3 24. Rfc1 Nd5 25. Nxd4 Bh6 26. g3 g5 27. c4 Nc7 28. fxg5 Bxg5 29. Re1 Na6 30. Ne4 Bh6 31. Rab1 Nb4 32. Nc5 Bd2 33. Re2 Bh6 34. Nb5 Na6 35. Nxa6 Bxa6 36. d4 Rb8 37. Nd6 Bf8 38. b4 Kd7 39. b5 Bxd6 40. exd6 Kxd6 41. Reb2 Bc8 42. a6 e5 43. dxe5+ Kc5 44. a7 Ra8 45. b6 Bb7 46. Rd1 Re8 47. Rd7 Bc6 48. b7 1-0

[Event "17th Asian Continental-ch Women 2018"]
[Site "Makati City"]
[Date "2018.12.17"]
[Round "8"]
[White "Zhu, Jiner"]
[Black "Vo, Thi Kim Phung"]
[Result "1/2-1/2"]
[WhiteElo "2409"]
[BlackElo "2352"]
[Annotator "TA"]
[PlyCount "134"]
[EventDate "2018.12.07"]
[EventType "swiss"]
[EventCountry "PHI"]
[SourceTitle "playchess.com"]
[Source "ChessBase"]
[SourceQuality "1"]

{[%evp 28,134,19,29,22,16,41,42,66,60,64,64,77,59,59,0,67,52,160,55,102,55,64,56,74,0,0,0,0,0,0,0,0,0,0,0,0,0,0,0,0,0,0,0,0,0,0,0,19,0,0,0,10,10,55,56,60,55,65,50,64,0,0,0,0,0,0,0,0,0,0,0,0,0,0,0,0,0,6,0,0,0,0,0,0,0,8,8,8,0,0,0,0,0,0,0,0,0,0,0,0,0,0,0,0,0,0,8,8]} 1. e4 e6 2. d4 d5 3. Nc3 Nf6 4. Bg5 Be7 5. e5 Nfd7 6. Bxe7 Qxe7 7. f4 a6 8. Nf3 c5 9. Qd2 Nc6 10. dxc5 Nxc5 11. Bd3 b5 12. Ne2 {C14: French: Classical System: 4 Bg5 Be7 main line} (12. O-O-O b4 13. Ne2 a5 14. Kb1 Ba6 15. Ned4 Nxd4 16. Nxd4 O-O 17. Qe3 Rfc8 18. f5 b3 19. Bxa6 bxa2+ 20. Ka1 Rxa6 {0-1 (34) Horvath,A (2515)-Moroni,L (2448) Prague 2016}) 12... Bb7 13. O-O O-O 14. Ned4 Nxd4 15. Nxd4 {LiveBook: 3 Games} Ne4 16. Qe3 Rac8 17. a3 Qc7 $146 ({Predecessor:} 17... b4 18. axb4 Qxb4 19. c3 Qb6 20. Bxe4 dxe4 {1-0 (42) Seitaj,I (2406)-O'Cinneide,M (2251) Kallithea 2002}) 18. c3 Qc5 19. Rae1 Rfe8 20. Rf3 Qe7 21. Rff1 (21. g3 $14) 21... Ba8 (21... Qc5 $1 $11) 22. Rd1 Red8 (22... g6 $14) 23. Qe2 (23. f5 $16) 23... Bb7 24. Kh1 Rf8 25. Nf3 h6 26. Bxe4 ({White should play} 26. Kg1 $16) 26... dxe4 $11 27. Nd2 Bd5 28. Qe3 Qb7 29. Rde1 Rfd8 30. Kg1 Bc6 31. Nxe4 Bxe4 32. Qxe4 Qxe4 33. Rxe4 {[%mdl 4096] Endgame KRR-KRR} Rd2 34. Rf2 Rd1+ 35. Rf1 Rd2 36. Rb4 Rcd8 37. Rf2 Rd1+ 38. Rf1 R1d2 39. g3 R8d5 40. Rf2 Rd1+ 41. Kg2 Kh7 42. a4 Kg6 43. axb5 axb5 44. h3 (44. Kh3 $14) 44... h5 {The position is equal.} 45. c4 bxc4 46. Rxc4 Rb5 47. Rc6 Kf5 48. Rc7 Kg6 49. g4 hxg4 50. hxg4 Re1 51. Re7 Re4 52. Kf1 Ra5 53. f5+ Kh6 54. Rh2+ Kg5 {[#] ...Ra1+ is the strong threat.} 55. Rxf7 Ra1+ 56. Kf2 {Strongly threatening Kf3.} exf5 57. Rxg7+ Kf4 58. gxf5 {[#] Threatens to win with f6.} Rae1 {[%csl Ge1][%cal Re4e2]} 59. Rh4+ Kxf5 60. Rxe4 Rxe4 {KR-KR} 61. Rd7 Rb4 62. Rd2 Kxe5 63. Ke2 Re4+ 64. Kd1 Rd4 65. Rxd4 Kxd4 66. b4 Kc4 67. Kc2 Kxb4 {Accuracy: White = 54%, Black = 69%.} 1/2-1/2

[Event "17th Asian Continental-ch Women 2018"]
[Site "Makati City"]
[Date "2018.12.17"]
[Round "8"]
[White "Pham, Le Thao Nguyen"]
[Black "Padmini, Rout"]
[Result "1/2-1/2"]
[WhiteElo "2363"]
[BlackElo "2345"]
[Annotator "TA"]
[PlyCount "42"]
[EventDate "2018.12.07"]
[EventType "swiss"]
[EventCountry "PHI"]
[SourceTitle "playchess.com"]
[Source "ChessBase"]
[SourceQuality "1"]

{[%evp 21,42,-22,-22,-44,-26,-26,-32,-35,-17,-35,-34,-37,-16,-12,-11,-12,-18,-16,-8,-10,-25,-45,-46]} 1. d4 Nf6 2. Nf3 g6 3. g3 Bg7 4. Bg2 O-O 5. O-O d5 6. c4 c6 7. Qb3 Qb6 8. Nc3 Rd8 9. c5 {D78: Fianchetto Grünfeld: 6 0-0 c6} (9. Bd2 Be6 10. Na4 Qxb3 11. axb3 Nbd7 12. Rfc1 Ne4 13. Bb4 Nd6 14. e3 dxc4 15. bxc4 Nxc4 16. Bxe7 Re8 {½-½ (102) Rapport,R (2725)-Jones,G (2677) Douglas 2018}) 9... Qxb3 10. axb3 Na6 11. Bf4 Nd7 {LiveBook: 19 Games} 12. Na4 f6 13. Bd2 e5 14. Rfc1 Re8 15. Ba5 $146 ({Predecessor:} 15. e3 Nc7 16. Nc3 exd4 17. exd4 {½-½ (58) Khademalsharieh,S (2433)-Lei,T (2534) Ashkhabad 2017}) 15... Rb8 16. e3 e4 17. Ne1 b6 18. cxb6 axb6 19. Bd2 Bb7 20. Bf1 Ra8 21. Nc2 Bf8 1/2-1/2

[Event "17th Asian Continental-ch Women 2018"]
[Site "Makati City"]
[Date "2018.12.17"]
[Round "8"]
[White "Gong, Qianyun"]
[Black "Wang, Jue"]
[Result "1-0"]
[WhiteElo "2312"]
[BlackElo "2367"]
[Annotator "NA"]
[PlyCount "131"]
[EventDate "2018.12.07"]
[EventType "swiss"]
[EventCountry "PHI"]
[SourceTitle "playchess.com"]
[Source "ChessBase"]
[SourceQuality "1"]
[TimeControl "40/5400+30:1800+30"]

{[%evp 8,122,7,-3,0,-6,12,8,0,8,2,0,-3,32767,32767,0,2,0,32767,-22,-29,-39,0,0,0,0,32767,32767,0,0,18,42,131,-156,29,0,54,25,54,29,166,45,54,58,292,357,277,320,302,298,347,32767,335,359,1110,1002,1054,1515,32767,32767,32767,32767,29990,1475,29991,175,185,176,190,203,184,214,200,203,223,213,240,309,274,32767,32767,32767,306,354,382,378,401,442,527,454,339,277,32767,32767,421,265,431,454,413,466,482,599,539,754,563,699,735,1608,5137,29971,5257,29973,29976,29981,29982,29983,29983]} 1. d4 {[%emt 0:00:00]} Nf6 {[%emt 0:04:44]} 2. Bf4 {[%emt 0:00:00]} g6 {[%emt 0:00:07]} 3. Nc3 {[%emt 0:00:00]} d5 {[%emt 0:00:06] A45: Trompowsky Attack} (3... c5 4. dxc5 Qa5 5. a3 Qxc5 6. e4 Bg7 7. Nf3 d6 8. h3 O-O 9. Qd2 b6 10. O-O-O Bb7 11. Be3 {1-0 (48) Nabaty,T (2692)-Almasi,Z (2702) Batumi 2018}) 4. e3 {[%emt 0:00:04]} Bg7 {[%emt 0:00:04]} 5. h4 {[%emt 0:00:10]} c6 {[%emt 0:00:04]} 6. Be2 {[%emt 0:00:34] LiveBook: 40 Games} Qb6 {[%emt 0:01:34]} 7. b3 $146 {[%emt 0:03:43]} ({Predecessor:} 7. a3 h6 8. Nf3 Bg4 9. Qd2 Ne4 10. Nxe4 dxe4 11. Ne5 Bxe2 12. Qxe2 {½-½ (35) Berzinsh,R (2434)-Neiksans,A (2586) Olaine 2017}) 7... h5 {[%emt 0:06:21]} 8. Nf3 {[%emt 0:07:31]} Bg4 {[%emt 0:00:23]} 9. Ne5 {[%emt 0:00:32]} Bxe2 {[%emt 0:00:04]} 10. Qxe2 {[%emt 0:00:11]} Nbd7 {[%emt 0:03:25]} 11. O-O-O {[%emt 0:05:17]} e6 {[%emt 0:11:04]} 12. f3 {[%emt 0:08:39]} Rc8 {[%emt 0:22:37]} 13. g4 {[%emt 0:11:36]} hxg4 {[%emt 0:03:51]} 14. fxg4 {[%emt 0:00:16]} c5 {[%emt 0:00:29]} 15. g5 {[%emt 0:07:26]} Nh5 {[%emt 0:00:38]} 16. Na4 {[%emt 0:15:47]} Qb4 {[%emt 0:09:14]} 17. Nxd7 {[%emt 0:00:25]} Kxd7 {[%emt 0:04:05]} 18. Rhf1 {[%emt 0:09:42]} c4 {[%emt 0:08:30]} 19. Kb1 {[%emt 0:04:00]} b5 {[%emt 0:06:48]} (19... Rhd8 $11 {keeps the balance.}) 20. Nb2 $2 {[%emt 0:01:11] [#]} (20. c3 $16 {is necessary to keep the advantage.} Qa5 21. Nc5+ Rxc5 22. b4 {[%mdl 64] Double Attack}) 20... Qc3 $2 {[%emt 0:01:10]} (20... f5 $1 $17 21. gxf6 Nxf6) 21. Bh2 {[%emt 0:10:16]} Rhf8 {[%emt 0:04:13]} 22. Rf3 {[%emt 0:08:53]} Qb4 {[%emt 0:05:49]} 23. e4 {[%emt 0:00:54]} Rce8 {[%emt 0:00:17]} (23... f5 $1 $14 24. a3 Qa5 25. exf5 exf5) 24. Re3 {[%emt 0:00:58]} (24. Qg2 $18 dxe4 25. Rh3) 24... f5 $1 {[%emt 0:01:12]} 25. c3 {[%emt 0:00:58]} Qa3 $2 {[%emt 0:01:33]} (25... Qa5 $1 $14) 26. exd5 {[%emt 0:00:05]} ({Weaker is} 26. bxc4 dxc4 27. exf5 Rxf5 $16) 26... exd5 {[%emt 0:00:03]} 27. Re1 {[%emt 0:00:08]} Re4 {[%emt 0:00:25]} 28. bxc4 {[%emt 0:01:44]} ({Not} 28. Rxe4 fxe4 29. Qg4+ Ke7 $11) 28... bxc4 {[%emt 0:03:42] [#]} 29. Nxc4 $1 {[%emt 0:00:07]} Qa4 {[%emt 0:00:38]} 30. Nd2 {[%emt 0:01:18]} ({Weaker is} 30. Rxe4 dxe4 31. Nd2 Re8 $16) 30... Rc8 $2 {[%emt 0:01:18]} (30... Rfe8 31. Nxe4 dxe4) 31. Rxe4 {[%emt 0:03:05]} dxe4 {[%emt 0:00:28] [#]} 32. Nxe4 $1 {[%emt 0:00:00]} fxe4 {[%emt 0:00:10]} 33. Qxe4 {[%emt 0:00:00]} Qb5+ {[%emt 0:00:04]} 34. Ka1 {[%emt 0:00:00]} Bf8 {[%emt 0:00:09]} 35. Qe6+ {[%emt 0:00:17]} Kd8 {[%emt 0:00:01]} 36. Qxg6 $2 {[%emt 0:00:23]} (36. Qf7 {mates} Ng3 37. Bxg3 Bd6 38. Bxd6 Rxc3 39. Qg8+ Kd7 40. Re7+ Kc6 41. Rc7+ Kb6 42. Qb8+ {[%mdl 64] Double Attack} Ka5 43. Rxa7+ Qa6 44. Qb4#) 36... Qc6 {[%emt 0:01:49]} 37. Qxc6 {[%emt 0:00:28]} Rxc6 {[%emt 0:00:01]} 38. Kb2 {[%emt 0:00:09]} Rb6+ {[%emt 0:01:00]} 39. Kc2 {[%emt 0:00:21]} Ra6 {[%emt 0:00:07]} 40. Kb3 {[%emt 0:00:00]} Rb6+ {[%emt 0:00:00]} 41. Kc4 {[%emt 0:04:16]} Kd7 {[%emt 0:03:15]} 42. Rf1 {[%emt 0:02:14]} Ke8 {[%emt 0:06:01]} 43. Be5 {[%emt 0:04:07]} Rc6+ {[%emt 0:03:31]} 44. Kd3 {[%emt 0:00:28]} Bg7 {[%emt 0:00:38]} 45. Bxg7 {[%emt 0:02:07]} Nxg7 {[%emt 0:00:50]} 46. Rf2 {[%emt 0:04:11]} Ke7 {[%emt 0:04:49]} 47. c4 {[%emt 0:01:05]} Rc8 {[%emt 0:05:50]} 48. g6 {[%emt 0:03:24]} Ke6 {[%emt 0:02:25]} 49. Rf7 {[%emt 0:00:53]} Nh5 {[%emt 0:00:04]} 50. c5 {[%emt 0:03:22]} Rg8 {[%emt 0:03:38]} 51. Rxa7 {[%emt 0:00:24] Decoy} Nf4+ {[%emt 0:00:05]} 52. Kc4 {[%emt 0:01:09]} Nxg6 {[%emt 0:00:16]} 53. d5+ {[%emt 0:02:18]} Ke5 {[%emt 0:01:17]} 54. h5 {[%emt 0:01:11]} Nf4 {[%emt 0:00:23]} 55. Re7+ {[%emt 0:01:09]} Kf6 {[%emt 0:00:05]} 56. d6 {[%emt 0:00:40]} Rc8 {[%emt 0:04:09]} 57. d7 {[%emt 0:02:40]} Rxc5+ {[%emt 0:02:04]} 58. Kxc5 {[%emt 0:00:04]} Kxe7 {[%emt 0:00:02]} 59. Kc6 {[%emt 0:00:07]} Ne6 {[%emt 0:00:06]} 60. h6 {[%emt 0:00:17]} Nd8+ {[%emt 0:01:43]} 61. Kc7 {[%emt 0:00:06]} Ne6+ {[%emt 0:00:30]} 62. Kc8 {[%emt 0:00:03]} Kf7 {[%emt 0:00:30]} 63. d8=Q {[%emt 0:00:10]} Nxd8 {[%emt 0:00:03]} 64. Kxd8 {[%emt 0:00:04]} Kg6 {[%emt 0:00:07]} 65. a4 {[%emt 0:00:03]} Kxh6 {[%emt 0:00:03]} 66. a5 {[%emt 0:00:02]} 1-0